000 00223nam a2200097Ia 4500
008 220204s9999 xx 000 0 und d
082 _a82-3
_bMAC
100 _aMaclean, Alistair
245 0 _aGoodbye, California
942 _cBK
999 _c37507
_d37507